Szczegóły MARC21

Rewriting Old English in the twelfth century /

003 -Nazwa inst., której nr kontr. jest w polu 001 [,]
    • @
    • Nazwa instytucji, której n kontrolny jest w polu 001
    • NUKAT
005 -DATA I CZAS OSTATNIEJ MODYFIKACJI [,]
    • @
    • pole kontrolne
    • 20241231103334.0
020 -Międzynarod. znormalizowany nr książki - ISBN [ , ]
    • a
    • Numer ISBN
    • 0521623723 Find
    • q
    • Dopowiedzenie
    • hardback
040 -Instytucja sporządzająca opis [ , ]
    • a
    • Instytucja, która sporządziła opis (NP)
    • POZN U/JBo
    • c
    • Instytucja, która sporządziła rekord (NP)
    • POZN U/JBo
    • d
    • Instytucja, która zmodyfikowała rekord (P)
    • POZN U/AnK
    • d
    • Instytucja, która zmodyfikowała rekord (P)
    • POZN U/KGs
942 -Rodzaj dokumentu [ , ]
    • c
    • Rodzaj dokumentu
    • Książka
245 -Strefa tytułu i oznaczenia odpowiedzialności [0,0]
    • a
    • Tytuł
    • Rewriting Old English in the twelfth century / Find
    • c
    • Pozostałe elementy strefy tytułu i oznaczenia odpowiedzialności (NP)
    • ed. by Mary Swan, Elaine M. Treharne.
260 -Strefa adresu wydawniczego [ , ]
    • a
    • Miejsce wydania (P)
    • Cambridge [etc.] :
    • b
    • Nazwa wydawcy (P)
    • Cambridge University Press,
    • c
    • Data wydania (P)
    • 2000.
300 -Strefa opisu fizycznego [ , ]
    • a
    • Określenie formy książki i/lub objętość (NP)
    • X, 213 s. ; 12 s. tabl. ;
    • c
    • Format (NP)
    • 24 cm.
336 -Typ zawartości [ , ]
    • a
    • Termin opisujący typ zawartości
    • Tekst
    • b
    • Kod określający zawartość
    • txt
    • 2
    • Źródło (terminu i kodu)
    • rdacontent
337 -Typ mediów [ , ]
    • a
    • Tryb odtwarzania
    • Bez urządzenia pośredniczącego
    • b
    • Kod typu mediów
    • n
    • 2
    • Źródło (terminu i kodu)
    • rdamedia
338 -Typ/rodzaj nośnika [ , ]
    • a
    • Hasło opisujące typ nośnika
    • Wolumin
    • b
    • Kod typu nośnika
    • nc
    • 2
    • Źródło (terminu i kodu)
    • rdacarrier
490 -Strefa serii i książki wielotomowej - forma nie do wyszukiwania [1, ]
    • a
    • Tytuł (P)
    • Cambridge studies in Anglo-Saxon England ; Find
    • v
    • Numeracja (P)
    • 30
830 -Hasło dodatkowe serii i opisu książki wielotomowej - tytuł ujednolicony/tytuł [ ,0]
    • a
    • Tytuł ujednolicony/tytuł (NP)
    • Cambridge Studies in Anglo-Saxon England
    • x
    • ISSN
    • 1747-311X
    • v
    • Oznaczenie tomu (NP)
    • 30
    • 9
    • KHW
    • 645100
504 -Uwaga dot. bibliogr. załącznikowej [ , ]
    • a
    • Uwaga dot. bibliografii załącznikowej
    • Indeksy.
080 -Uniwersalna Klasyfikacja Dziesiętna [ , ]
    • a
    • Symbol klasyfikacji
    • 820(091)"04/11"=20
080 -Uniwersalna Klasyfikacja Dziesiętna [ , ]
    • a
    • Symbol klasyfikacji
    • :093=20
080 -Uniwersalna Klasyfikacja Dziesiętna [ , ]
    • a
    • Symbol klasyfikacji
    • :28=20
080 -Uniwersalna Klasyfikacja Dziesiętna [ , ]
    • a
    • Symbol klasyfikacji
    • :941.0::008"09/14"=20
650 -Hasło przedmiotowe [ ,7]
    • a
    • Hasło przedmiotowe
    • Literatura angielska
    • y
    • Określnik chronologiczny
    • 450-1100 (staroangielska)
    • x
    • Określnik rzeczowy
    • wydanie krytyczne.
    • 2
    • Źródło terminu
    • kaba
    • 9
    • KHW
    • 645141
650 -Hasło przedmiotowe [ ,7]
    • a
    • Hasło przedmiotowe
    • Literatura religijna angielska (staroangielska).
    • 2
    • Źródło terminu
    • kaba
    • 9
    • KHW
    • 184362
650 -Hasło przedmiotowe [ ,7]
    • a
    • Hasło przedmiotowe
    • Przekazy tekstu
    • y
    • Określnik chronologiczny
    • średniowiecze.
    • 2
    • Źródło terminu
    • kaba
    • 9
    • KHW
    • 645140
650 -Hasło przedmiotowe [ ,7]
    • a
    • Hasło przedmiotowe
    • Skryptoria
    • z
    • Określnik geograficzny
    • Wielka Brytania
    • y
    • Określnik chronologiczny
    • do 1500.
    • 2
    • Źródło terminu
    • kaba
    • 9
    • KHW
    • 645139
650 -Hasło przedmiotowe [ ,7]
    • a
    • Hasło przedmiotowe
    • Cywilizacja anglosaksońska
    • x
    • Określnik rzeczowy
    • w literaturze.
    • 2
    • Źródło terminu
    • kaba
    • 9
    • KHW
    • 611510
650 -Hasło przedmiotowe [ ,7]
    • a
    • Hasło przedmiotowe
    • Rękopisy średniowieczne
    • z
    • Określnik geograficzny
    • Wielka Brytania.
    • 2
    • Źródło terminu
    • kaba
    • 9
    • KHW
    • 645138
650 -Hasło przedmiotowe [ ,7]
    • a
    • Hasło przedmiotowe
    • Paleografia angielska.
    • 2
    • Źródło terminu
    • kaba
    • 9
    • KHW
    • 122981
651 -Hasło przedmiotowe w formie nazwy geograficznej [ ,7]
    • a
    • Nazwa geograficzna
    • Wielka Brytania
    • x
    • Określnik rzeczowy
    • życie intelektualne
    • y
    • Określnik chronologiczny
    • 1066-1500.
    • 2
    • Źródło terminu
    • kaba
    • 9
    • KHW
    • 135442
980 -Symbol UKD [ , ]
    • a
    • UKD
    • 820(091)"04/11":093:28:941.0::008"09/14"]=20
700 -Hasło dodatkowe - nazwa osobowa [1, ]
    • a
    • Nazwa osobowa (NP)
    • Treharne, Elaine. Find
    • 9
    • KHW
    • 645081
700 -Hasło dodatkowe - nazwa osobowa [1, ]
    • a
    • Nazwa osobowa (NP)
    • Swan, Mary Find
    • d
    • Daty biograficzne (NP)
    • (1953- ).
    • e
    • Określenie rodzaju współpracy
    • Red.
    • 9
    • KHW
    • 645099
710 -Hasło dodatkowe - nazwa ciała zbiorowego [2, ]
    • a
    • Nazwa ciała zbiorowego lub nazwa geograficzna jako pierwszy element (NP)
    • Cambridge University Press.
    • 4
    • Kod relacji
    • pbl
    • 9
    • KHW
    • 615085
920 -ISBN [ , ]
    • a
    • ISBN
    • 0-521-62372-3 Find
    • q
    • Dopowiedzenie
    • hardback
Lokalizacja Data inwentaryzacji Numer inwentarzowy Status udost. Sygnatura
BM2005-11-08A.72861ANG. Historia jęz. ang. 32